000
00191 a2200109 4500
020
_a
9780746061121
041
_a
spa
100
_a
Anonimo
245
_a
Mascotas
942
_c
BK
952
_7
1
999
_c
19544
_d
19544